000 00528nam#a2200193#c#4500
003 IEF
005 20180219151138.0
008 950601s1983 uuu####fr####|10||u| |u
040 _aIEF
245 _aPapers and comments
_c edited by Herbert Giersch
260 _aTübingen
_b J.C.B. Mohr (Paul Siebeck)
_c1983
300 _aVII, 289 p.
_c 24 cm.
650 4 _aCONGRESOS, ASAMBLEAS, ETC
_940561
650 4 _aHACIENDA PUBLICA
_950201
700 1 _aGiersch, Herbert
_918204
942 _cLIB
942 _z51910
999 _c13353
_d13353